[Event "397 Stay Safe Play From Home series"]
[Site "Emanuel Lasker Arena"]
[Date "2020.08.20"]
[Round "4"]
[White "Mamba2001de"]
[Black "Padmaesh M K"]
[Result "0-1"]
[WhiteElo "1473"]
[BlackElo "1900"]
[Annotator "NA"]
[PlyCount "88"]
[EventDate "2020.08.20"]
[EventType "swiss (blitz)"]

1. e4 {[%emt 0:00:01]} e5 {[%emt 0:00:01]} 2. Nf3 {[%emt 0:00:01]} Nc6 {[%emt 0:00:00]} 3. c3 {[%emt 0:00:01]} Bc5 {[%emt 0:00:01]} 4. d4 {[%emt 0:00:01]} exd4 {[%emt 0:00:00]} 5. cxd4 {[%emt 0:00:01]} Bb4+ {[%emt 0:00:00]} 6. Bd2 {[%emt 0:00:01]} Bxd2+ {[%emt 0:00:01]} 7. Qxd2 {[%emt 0:00:01]} d5 {[%emt 0:00:00]} 8. e5 {[%emt 0:00:01]} Nge7 {[%emt 0:00:02]} 9. Nc3 {[%emt 0:00:00]} O-O {[%emt 0:00:01]} 10. Bd3 {[%emt 0:00:01]} Be6 {[%emt 0:00:01]} 11. O-O {[%emt 0:00:01]} Nf5 {[%emt 0:00:01]} 12. Bxf5 {[%emt 0:00:03]} Bxf5 {[%emt 0:00:01]} 13. h3 {[%emt 0:00:01]} Re8 {[%emt 0:00:02]} 14. Rfe1 {[%emt 0:00:01]} Re6 {[%emt 0:00:03]} 15. Qf4 {[%emt 0:00:01]} Bg6 {[%emt 0:00:03]} 16. Nh4 {[%emt 0:00:01]} Qd7 {[%emt 0:00:05]} 17. Nxg6 {[%emt 0:00:01]} hxg6 {[%emt 0:00:00]} 18. Rac1 {[%emt 0:00:03]} Rae8 {[%emt 0:00:02]} 19. Re3 {[%emt 0:00:03]} f6 {[%emt 0:00:03]} 20. Rf3 {[%emt 0:00:02]} fxe5 {[%emt 0:00:05]} 21. dxe5 {[%emt 0:00:02]} Rxe5 {[%emt 0:00:01]} 22. Re3 {[%emt 0:00:01]} Rxe3 {[%emt 0:00:01]} 23. fxe3 {[%emt 0:00:01]} d4 {[%emt 0:00:01]} 24. exd4 {[%emt 0:00:03]} Qxd4+ {[%emt 0:00:00]} 25. Qxd4 {[%emt 0:00:01]} Nxd4 {[%emt 0:00:00]} 26. Nd5 {[%emt 0:00:01]} Ne2+ {[%emt 0:00:02]} 27. Kh2 {[%emt 0:00:02]} Nxc1 {[%emt 0:00:00]} 28. Nxc7 {[%emt 0:00:01]} Rc8 {[%emt 0:00:01]} 29. Nd5 {[%emt 0:00:01]} Rc2 {[%emt 0:00:01]} 30. Ne7+ {[%emt 0:00:01]} Kf7 {[%emt 0:00:02]} 31. Nd5 {[%emt 0:00:01]} Rxb2 {[%emt 0:00:00]} 32. Nf4 {[%emt 0:00:01]} Rxa2 {[%emt 0:00:02]} 33. Nd5 {[%emt 0:00:01]} b5 {[%emt 0:00:01]} 34. Nc3 {[%emt 0:00:01]} Rc2 {[%emt 0:00:01]} 35. Ne4 {[%emt 0:00:02]} b4 {[%emt 0:00:01]} 36. Nd6+ {[%emt 0:00:00]} Ke6 {[%emt 0:00:01]} 37. Nc4 {[%emt 0:00:01]} Rxc4 {[%emt 0:00:02]} 38. Kg3 {[%emt 0:00:01]} b3 {[%emt 0:00:01]} 39. h4 {[%emt 0:00:00]} b2 {[%emt 0:00:01]} 40. h5 {[%emt 0:00:00]} b1=Q {[%emt 0:00:00]} 41. hxg6 {[%emt 0:00:01]} Qxg6+ {[%emt 0:00:00]} 42. Kf2 {[%emt 0:00:01]} Qd3 {[%emt 0:00:01]} 43. Kg1 {[%emt 0:00:01]} Rc2 {[%emt 0:00:00]} 44. g4 {[%emt 0:00:01]} Qd1# {[%emt 0:00:02] (Lag: Av=0.40s, max=1.0s) (Lag: Av=0.40s, max=1.0s) (Lag: Av=0.40s, max=1.0s)} 0-1

[Event "397 Stay Safe Play From Home series"]
[Site "Emanuel Lasker Arena"]
[Date "2020.08.20"]
[Round "5"]
[White "Mepe_Nika"]
[Black "Stefanone"]
[Result "1-0"]
[WhiteElo "2356"]
[BlackElo "1954"]
[PlyCount "41"]
[EventDate "2020.08.20"]
[EventType "swiss (blitz)"]

1. d4 {[%emt 0:00:01]} d5 {[%emt 0:00:01]} 2. Bf4 {[%emt 0:00:01]} c6 {[%emt 0:00:01]} 3. e3 {[%emt 0:00:01]} a6 {[%emt 0:00:00]} 4. c4 {[%emt 0:00:01]} Nf6 {[%emt 0:00:01]} 5. Nc3 {[%emt 0:00:00]} Bf5 {[%emt 0:00:01]} 6. Nf3 {[%emt 0:00:02]} e6 {[%emt 0:00:01]} 7. Bd3 {[%emt 0:00:01]} Ne4 {[%emt 0:00:01]} 8. Qc2 {[%emt 0:00:03]} Nxc3 {[%emt 0:00:01]} 9. Qxc3 {[%emt 0:00:01]} Bxd3 {[%emt 0:00:00]} 10. Qxd3 {[%emt 0:00:00]} Nd7 {[%emt 0:00:01]} 11. O-O {[%emt 0:00:01]} Nb6 {[%emt 0:00:01]} 12. c5 {[%emt 0:00:02]} Nd7 {[%emt 0:00:00]} 13. b4 {[%emt 0:00:01]} Be7 {[%emt 0:00:01]} 14. a4 {[%emt 0:00:01]} O-O {[%emt 0:00:01]} 15. b5 {[%emt 0:00:01]} axb5 {[%emt 0:00:01]} 16. axb5 {[%emt 0:00:00]} Rxa1 {[%emt 0:00:01]} 17. Rxa1 {[%emt 0:00:01]} Qc8 {[%emt 0:00:00]} 18. b6 {[%emt 0:00:03]} Nf6 {[%emt 0:00:01]} 19. h3 {[%emt 0:00:01]} Qd7 {[%emt 0:00:01]} 20. Ra7 {[%emt 0:00:02]} Rb8 {[%emt 0:00:02]} 21. Bxb8 {[%emt 0:00:01] Stefanone abbandona (Lag: Av=0.32s, max=0.7s)} 1-0

[Event "397 Stay Safe Play From Home series"]
[Site "Emanuel Lasker Arena"]
[Date "2020.08.20"]
[Round "5"]
[White "Jhhonnyy"]
[Black "IceQueen"]
[Result "0-1"]
[WhiteElo "2316"]
[BlackElo "2405"]
[PlyCount "126"]
[EventDate "2020.08.20"]
[EventType "swiss (blitz)"]

1. d4 {[%emt 0:00:02]} d6 {[%emt 0:00:00]} 2. c4 {[%emt 0:00:00]} Nf6 {[%emt 0:00:00]} 3. Nf3 {[%emt 0:00:00]} g6 {[%emt 0:00:01]} 4. g3 {[%emt 0:00:00]} Bg7 {[%emt 0:00:00]} 5. Bg2 {[%emt 0:00:00]} O-O {[%emt 0:00:00]} 6. O-O {[%emt 0:00:00]} Nbd7 {[%emt 0:00:00]} 7. Nc3 {[%emt 0:00:00]} e5 {[%emt 0:00:00]} 8. e4 {[%emt 0:00:00]} exd4 {[%emt 0:00:00]} 9. Nxd4 {[%emt 0:00:00]} Re8 {[%emt 0:00:00]} 10. Re1 {[%emt 0:00:01]} Nc5 {[%emt 0:00:00]} 11. h3 {[%emt 0:00:00]} a5 {[%emt 0:00:01]} 12. Qc2 {[%emt 0:00:01]} Ng4 {[%emt 0:00:01]} 13. hxg4 {[%emt 0:00:02]} Bxd4 {[%emt 0:00:01]} 14. Be3 {[%emt 0:00:02]} Bxe3 {[%emt 0:00:01]} 15. Rxe3 {[%emt 0:00:00]} Bxg4 {[%emt 0:00:01]} 16. Rae1 {[%emt 0:00:00]} Be6 {[%emt 0:00:01]} 17. b3 {[%emt 0:00:02]} Qf6 {[%emt 0:00:02]} 18. Rd1 {[%emt 0:00:02]} Qg5 {[%emt 0:00:05]} 19. Ree1 {[%emt 0:00:02]} a4 {[%emt 0:00:01]} 20. b4 {[%emt 0:00:01]} Nd7 {[%emt 0:00:01]} 21. Nb5 {[%emt 0:00:01]} Rac8 {[%emt 0:00:02]} 22. a3 {[%emt 0:00:03]} Ne5 {[%emt 0:00:01]} 23. c5 {[%emt 0:00:01]} Bb3 {[%emt 0:00:06]} 24. Qd2 {[%emt 0:00:02]} Qh5 {[%emt 0:00:01]} 25. Rc1 {[%emt 0:00:02]} dxc5 {[%emt 0:00:01]} 26. Rxc5 {[%emt 0:00:01]} Rcd8 {[%emt 0:00:01]} 27. Qf4 {[%emt 0:00:03]} Nd3 {[%emt 0:00:03]} 28. Rxh5 {[%emt 0:00:02]} Nxf4 {[%emt 0:00:01]} 29. Rc5 {[%emt 0:00:00]} Nxg2 {[%emt 0:00:01]} 30. Kxg2 {[%emt 0:00:01]} c6 {[%emt 0:00:00]} 31. Nc3 {[%emt 0:00:02]} Bc2 {[%emt 0:00:01]} 32. f3 {[%emt 0:00:01]} Rd3 {[%emt 0:00:01]} 33. Ne2 {[%emt 0:00:03]} Rd2 {[%emt 0:00:01]} 34. Kf2 {[%emt 0:00:01]} Red8 {[%emt 0:00:01]} 35. Ke3 {[%emt 0:00:00]} Bb3 {[%emt 0:00:00]} 36. Rc3 {[%emt 0:00:02]} Ra2 {[%emt 0:00:02]} 37. Nd4 {[%emt 0:00:02]} Rxa3 {[%emt 0:00:00]} 38. Nxb3 {[%emt 0:00:00]} Rxb3 {[%emt 0:00:00]} 39. Rxb3 {[%emt 0:00:01]} axb3 {[%emt 0:00:01]} 40. Rb1 {[%emt 0:00:00]} h5 {[%emt 0:00:01]} 41. Rxb3 {[%emt 0:00:00]} Kg7 {[%emt 0:00:00]} 42. f4 {[%emt 0:00:00]} Rd7 {[%emt 0:00:00]} 43. b5 {[%emt 0:00:00]} Kf6 {[%emt 0:00:01]} 44. bxc6 {[%emt 0:00:01]} bxc6 {[%emt 0:00:00]} 45. Rc3 {[%emt 0:00:00]} Rc7 {[%emt 0:00:00]} 46. e5+ {[%emt 0:00:01]} Ke6 {[%emt 0:00:00]} 47. Kf3 {[%emt 0:00:00]} Kd5 {[%emt 0:00:01]} 48. Rd3+ {[%emt 0:00:01]} Kc4 {[%emt 0:00:01]} 49. Rd1 {[%emt 0:00:00]} c5 {[%emt 0:00:00]} 50. g4 {[%emt 0:00:00]} hxg4+ {[%emt 0:00:03]} 51. Kxg4 {[%emt 0:00:00]} Kb3 {[%emt 0:00:00]} 52. f5 {[%emt 0:00:01]} gxf5+ {[%emt 0:00:01]} 53. Kxf5 {[%emt 0:00:00]} c4 {[%emt 0:00:00]} 54. Kf6 {[%emt 0:00:00]} c3 {[%emt 0:00:01]} 55. Rd8 {[%emt 0:00:01]} c2 {[%emt 0:00:01]} 56. Rb8+ {[%emt 0:00:00]} Kc3 {[%emt 0:00:00]} 57. Ra8 {[%emt 0:00:01]} c1=Q {[%emt 0:00:01]} 58. Ra3+ {[%emt 0:00:00]} Qxa3 {[%emt 0:00:02]} 59. e6 {[%emt 0:00:00]} Qd6 {[%emt 0:00:01]} 60. Kg7 {[%emt 0:00:00]} Qxe6 {[%emt 0:00:00]} 61. Kh8 {[%emt 0:00:00]} Qf6+ {[%emt 0:00:02]} 62. Kh7 {[%emt 0:00:01]} Qg6+ {[%emt 0:00:01]} 63. Kh8 {[%emt 0:00:01]} Rc8# {[%emt 0:00:00] (Lag: Av=0.37s, max=1.0s) (Lag: Av=0.37s, max=1.0s) (Lag: Av=0.37s, max=1.0s)} 0-1

[Event "397 Stay Safe Play From Home series"]
[Site "Emanuel Lasker Arena"]
[Date "2020.08.20"]
[Round "5"]
[White "Hickey"]
[Black "Fischer_11"]
[Result "1-0"]
[WhiteElo "2207"]
[BlackElo "2027"]
[Annotator "NA"]
[PlyCount "93"]
[EventDate "2020.08.20"]
[EventType "swiss (blitz)"]

1. e4 {[%emt 0:00:04]} Nf6 {[%emt 0:00:01]} 2. Nc3 {[%emt 0:00:01]} d5 {[%emt 0:00:01]} 3. exd5 {[%emt 0:00:01]} Nxd5 {[%emt 0:00:00]} 4. Bc4 {[%emt 0:00:02]} Nxc3 {[%emt 0:00:00]} 5. dxc3 {[%emt 0:00:00]} Qxd1+ {[%emt 0:00:01]} 6. Kxd1 {[%emt 0:00:00]} Bf5 {[%emt 0:00:02]} 7. Nf3 {[%emt 0:00:01]} Nc6 {[%emt 0:00:01]} 8. Bf4 {[%emt 0:00:02]} O-O-O+ {[%emt 0:00:00]} 9. Kc1 {[%emt 0:00:00]} f6 {[%emt 0:00:03]} 10. a4 {[%emt 0:00:02]} e5 {[%emt 0:00:01]} 11. Be3 {[%emt 0:00:01]} Bg4 {[%emt 0:00:03]} 12. b3 {[%emt 0:00:01]} Be7 {[%emt 0:00:03]} 13. Kb2 {[%emt 0:00:01]} Na5 {[%emt 0:00:05]} 14. Bd3 {[%emt 0:00:03]} f5 {[%emt 0:00:02]} 15. h3 {[%emt 0:00:03]} e4 {[%emt 0:00:05]} 16. hxg4 {[%emt 0:00:02]} exd3 {[%emt 0:00:01]} 17. gxf5 {[%emt 0:00:00]} dxc2 {[%emt 0:00:02]} 18. Kxc2 {[%emt 0:00:00]} Bf6 {[%emt 0:00:01]} 19. g4 {[%emt 0:00:02]} h6 {[%emt 0:00:01]} 20. Rad1 {[%emt 0:00:01]} Rhe8 {[%emt 0:00:02]} 21. Rxd8+ {[%emt 0:00:02]} Rxd8 {[%emt 0:00:00]} 22. Rd1 {[%emt 0:00:01]} Rxd1 {[%emt 0:00:01]} 23. Kxd1 {[%emt 0:00:00]} Bxc3 {[%emt 0:00:00]} 24. Kc2 {[%emt 0:00:02]} Bf6 {[%emt 0:00:02]} 25. Nd4 {[%emt 0:00:01]} Nc6 {[%emt 0:00:09]} 26. Nxc6 {[%emt 0:00:01]} bxc6 {[%emt 0:00:01]} 27. Bxa7 {[%emt 0:00:00]} Kd7 {[%emt 0:00:03]} 28. Bc5 {[%emt 0:00:01]} Kc8 {[%emt 0:00:00]} 29. Kd3 {[%emt 0:00:01]} Kb7 {[%emt 0:00:00]} 30. Ke4 {[%emt 0:00:01]} Ka6 {[%emt 0:00:00]} 31. b4 {[%emt 0:00:02]} Kb7 {[%emt 0:00:01]} 32. f4 {[%emt 0:00:00]} h5 {[%emt 0:00:01]} 33. g5 {[%emt 0:00:01]} Bd8 {[%emt 0:00:01]} 34. f6 {[%emt 0:00:00]} h4 {[%emt 0:00:00]} 35. g6 {[%emt 0:00:00]} Bxf6 {[%emt 0:00:02]} 36. Kf3 {[%emt 0:00:01]} h3 {[%emt 0:00:00]} 37. Kg3 {[%emt 0:00:01]} Kc8 {[%emt 0:00:01]} 38. Kxh3 {[%emt 0:00:01]} Kd7 {[%emt 0:00:00]} 39. Kg4 {[%emt 0:00:02]} Ke6 {[%emt 0:00:01]} 40. a5 {[%emt 0:00:01]} Kd7 {[%emt 0:00:01]} 41. a6 {[%emt 0:00:01]} Kc8 {[%emt 0:00:00]} 42. Kf5 {[%emt 0:00:00]} Kb8 {[%emt 0:00:01]} 43. Ke6 {[%emt 0:00:00]} Ka8 {[%emt 0:00:00]} 44. f5 {[%emt 0:00:01]} Kb8 {[%emt 0:00:01]} 45. Kf7 {[%emt 0:00:00]} Ka8 {[%emt 0:00:01]} 46. Bf8 {[%emt 0:00:00]} Bc3 {[%emt 0:00:01]} 47. Bxg7 {[%emt 0:00:00] Zeit Zeit Zeit (Lag: Av=0.58s, max=1.1s) (Lag: Av=0.58s, max=1.1s) (Lag: Av=0.58s, max=1.1s)} 1-0

[Event "397 Stay Safe Play From Home series"]
[Site "Emanuel Lasker Arena"]
[Date "2020.08.20"]
[Round "5"]
[White "Haris kollari 13"]
[Black "Padmaesh M K"]
[Result "1-0"]
[WhiteElo "1728"]
[BlackElo "1902"]
[Annotator "NA"]
[PlyCount "87"]
[EventDate "2020.08.20"]
[EventType "swiss (blitz)"]

1. e4 {[%emt 0:00:01]} e5 {[%emt 0:00:00]} 2. f4 {[%emt 0:00:01]} Nc6 {[%emt 0:00:00]} 3. Nf3 {[%emt 0:00:01]} d5 {[%emt 0:00:01]} 4. exd5 {[%emt 0:00:04]} Qxd5 {[%emt 0:00:00]} 5. fxe5 {[%emt 0:00:01]} Nxe5 {[%emt 0:00:01]} 6. Qe2 {[%emt 0:00:01]} Bd6 {[%emt 0:00:05]} 7. d4 {[%emt 0:00:01]} Bg4 {[%emt 0:00:06]} 8. dxe5 {[%emt 0:00:01]} Bxf3 {[%emt 0:00:01]} 9. gxf3 {[%emt 0:00:04]} Qxe5 {[%emt 0:00:03]} 10. Qxe5+ {[%emt 0:00:02]} Bxe5 {[%emt 0:00:00]} 11. Nd2 {[%emt 0:00:01]} O-O-O {[%emt 0:00:02]} 12. Bd3 {[%emt 0:00:01]} Nf6 {[%emt 0:00:01]} 13. Nc4 {[%emt 0:00:01]} Bd4 {[%emt 0:00:02]} 14. Be4 {[%emt 0:00:06]} Rhe8 {[%emt 0:00:02]} 15. c3 {[%emt 0:00:01]} Nxe4 {[%emt 0:00:02]} 16. fxe4 {[%emt 0:00:03]} Rxe4+ {[%emt 0:00:00]} 17. Kf1 {[%emt 0:00:02]} Bf6 {[%emt 0:00:05]} 18. Nd2 {[%emt 0:00:02]} Rf4+ {[%emt 0:00:02]} 19. Kg2 {[%emt 0:00:01]} Re8 {[%emt 0:00:02]} 20. Nf3 {[%emt 0:00:01]} Re2+ {[%emt 0:00:02]} 21. Kg3 {[%emt 0:00:01]} Rfe4 {[%emt 0:00:02]} 22. Bf4 {[%emt 0:00:02]} h5 {[%emt 0:00:01]} 23. h4 {[%emt 0:00:02]} Be7 {[%emt 0:00:11]} 24. Rae1 {[%emt 0:00:00]} Bd6 {[%emt 0:00:01]} 25. Rxe2 {[%emt 0:00:02]} Rxe2 {[%emt 0:00:01]} 26. Bxd6 {[%emt 0:00:02]} cxd6 {[%emt 0:00:01]} 27. Re1 {[%emt 0:00:01]} Rxb2 {[%emt 0:00:00]} 28. Re7 {[%emt 0:00:01]} Rxa2 {[%emt 0:00:00]} 29. Rxf7 {[%emt 0:00:01]} Ra3 {[%emt 0:00:01]} 30. Rxg7 {[%emt 0:00:01]} Rxc3 {[%emt 0:00:01]} 31. Rg5 {[%emt 0:00:00]} a5 {[%emt 0:00:00]} 32. Rxh5 {[%emt 0:00:01]} a4 {[%emt 0:00:00]} 33. Ra5 {[%emt 0:00:01]} a3 {[%emt 0:00:00]} 34. Ra4 {[%emt 0:00:01]} b6 {[%emt 0:00:00]} 35. Rb4 {[%emt 0:00:01]} b5 {[%emt 0:00:00]} 36. Rxb5 {[%emt 0:00:01]} a2 {[%emt 0:00:00]} 37. Ra5 {[%emt 0:00:00]} Rc2 {[%emt 0:00:00]} 38. h5 {[%emt 0:00:01]} a1=Q {[%emt 0:00:01]} 39. Rxa1 {[%emt 0:00:02]} Kd7 {[%emt 0:00:00]} 40. Rd1 {[%emt 0:00:01]} Ke6 {[%emt 0:00:00]} 41. h6 {[%emt 0:00:00]} Rc8 {[%emt 0:00:00]} 42. h7 {[%emt 0:00:01]} Rh8 {[%emt 0:00:00]} 43. Ng5+ {[%emt 0:00:01]} Kf5 {[%emt 0:00:00]} 44. Rd5+ {[%emt 0:00:01] Time Time Time (Lag: Av=0.50s, max=0.8s) (Lag: Av=0.50s, max=0.8s) (Lag: Av=0.50s, max=0.8s)} 1-0

[Event "397 Stay Safe Play From Home series"]
[Site "Emanuel Lasker Arena"]
[Date "2020.08.20"]
[Round "5"]
[White "Klasman"]
[Black "Mamba2001de"]
[Result "1-0"]
[WhiteElo "1353"]
[BlackElo "1470"]
[Annotator "NA"]
[PlyCount "57"]
[EventDate "2020.08.20"]
[EventType "swiss (blitz)"]

1. f4 {[%emt 0:00:01]} e6 {[%emt 0:00:01]} 2. c4 {[%emt 0:00:02]} d5 {[%emt 0:00:00]} 3. cxd5 {[%emt 0:00:02]} exd5 {[%emt 0:00:01]} 4. d4 {[%emt 0:00:01]} Nf6 {[%emt 0:00:01]} 5. Nf3 {[%emt 0:00:01]} Nc6 {[%emt 0:00:01]} 6. e3 {[%emt 0:00:01]} Bd6 {[%emt 0:00:01]} 7. Bb5 {[%emt 0:00:01]} O-O {[%emt 0:00:01]} 8. Nc3 {[%emt 0:00:01]} Bd7 {[%emt 0:00:01]} 9. O-O {[%emt 0:00:01]} a6 {[%emt 0:00:01]} 10. Bxc6 {[%emt 0:00:01]} Bxc6 {[%emt 0:00:01]} 11. Bd2 {[%emt 0:00:01]} Re8 {[%emt 0:00:01]} 12. h3 {[%emt 0:00:01]} Ne4 {[%emt 0:00:01]} 13. Nxe4 {[%emt 0:00:02]} dxe4 {[%emt 0:00:01]} 14. Ne5 {[%emt 0:00:01]} Bxe5 {[%emt 0:00:01]} 15. fxe5 {[%emt 0:00:01]} Qg5 {[%emt 0:00:02]} 16. Rf4 {[%emt 0:00:04]} Qh6 {[%emt 0:00:03]} 17. Be1 {[%emt 0:00:04]} Bb5 {[%emt 0:00:03]} 18. Qd2 {[%emt 0:00:05]} Qe6 {[%emt 0:00:02]} 19. Rg4 {[%emt 0:00:03]} g6 {[%emt 0:00:02]} 20. Bh4 {[%emt 0:00:02]} Rac8 {[%emt 0:00:02]} 21. Bf6 {[%emt 0:00:02]} c5 {[%emt 0:00:01]} 22. Rh4 {[%emt 0:00:02]} Bd3 {[%emt 0:00:05]} 23. Qf2 {[%emt 0:00:03]} h5 {[%emt 0:00:04]} 24. Qf4 {[%emt 0:00:01]} Kh7 {[%emt 0:00:05]} 25. g4 {[%emt 0:00:06]} Rh8 {[%emt 0:00:12]} 26. gxh5 {[%emt 0:00:01]} Kg8 {[%emt 0:00:01]} 27. hxg6 {[%emt 0:00:02]} Rxh4 {[%emt 0:00:02]} 28. Qxh4 {[%emt 0:00:01]} Qxf6 {[%emt 0:00:04]} 29. Qh7+ {[%emt 0:00:02] Zeit Zeit Zeit (Lag: Av=0.50s, max=3.9s) (Lag: Av=0.50s, max=3.9s) (Lag: Av=0.50s, max=3.9s)} 1-0

[Event "397 Stay Safe Play From Home series"]
[Site "Emanuel Lasker Arena"]
[Date "2020.08.20"]
[Round "6"]
[White "Fischer_11"]
[Black "IceQueen"]
[Result "0-1"]
[WhiteElo "2018"]
[BlackElo "2417"]
[Annotator "NA"]
[PlyCount "102"]
[EventDate "2020.08.20"]
[EventType "swiss (blitz)"]

1. e4 {[%emt 0:00:01]} c5 {[%emt 0:00:00]} 2. c3 {[%emt 0:00:01]} e6 {[%emt 0:00:01]} 3. d4 {[%emt 0:00:01]} d5 {[%emt 0:00:00]} 4. exd5 {[%emt 0:00:01]} exd5 {[%emt 0:00:00]} 5. Be3 {[%emt 0:00:00]} c4 {[%emt 0:00:01]} 6. b3 {[%emt 0:00:01]} cxb3 {[%emt 0:00:01]} 7. axb3 {[%emt 0:00:00]} Nf6 {[%emt 0:00:00]} 8. Nd2 {[%emt 0:00:01]} Bd6 {[%emt 0:00:00]} 9. Bd3 {[%emt 0:00:00]} O-O {[%emt 0:00:00]} 10. Ngf3 {[%emt 0:00:00]} Nc6 {[%emt 0:00:00]} 11. O-O {[%emt 0:00:00]} a6 {[%emt 0:00:00]} 12. c4 {[%emt 0:00:01]} Nb4 {[%emt 0:00:01]} 13. Bb1 {[%emt 0:00:02]} Bg4 {[%emt 0:00:00]} 14. c5 {[%emt 0:00:01]} Bc7 {[%emt 0:00:01]} 15. h3 {[%emt 0:00:00]} Bh5 {[%emt 0:00:01]} 16. Ra4 {[%emt 0:00:03]} Nc6 {[%emt 0:00:02]} 17. Qc2 {[%emt 0:00:04]} Re8 {[%emt 0:00:01]} 18. Bg5 {[%emt 0:00:05]} Bg6 {[%emt 0:00:01]} 19. Qb2 {[%emt 0:00:01]} h6 {[%emt 0:00:01]} 20. Bh4 {[%emt 0:00:01]} Re2 {[%emt 0:00:02]} 21. Bxg6 {[%emt 0:00:04]} fxg6 {[%emt 0:00:00]} 22. Qc2 {[%emt 0:00:02]} Qe8 {[%emt 0:00:02]} 23. Qd3 {[%emt 0:00:01]} g5 {[%emt 0:00:03]} 24. Bg3 {[%emt 0:00:01]} Bxg3 {[%emt 0:00:01]} 25. fxg3 {[%emt 0:00:00]} Re3 {[%emt 0:00:02]} 26. Qc2 {[%emt 0:00:02]} Qe6 {[%emt 0:00:04]} 27. Raa1 {[%emt 0:00:01]} Re8 {[%emt 0:00:01]} 28. Kh2 {[%emt 0:00:08]} g4 {[%emt 0:00:01]} 29. Nh4 {[%emt 0:00:05]} gxh3 {[%emt 0:00:02]} 30. gxh3 {[%emt 0:00:00]} Re2+ {[%emt 0:00:00]} 31. Ng2 {[%emt 0:00:01]} Nxd4 {[%emt 0:00:01]} 32. Qd3 {[%emt 0:00:03]} Nc6 {[%emt 0:00:06]} 33. Rf3 {[%emt 0:00:02]} Re3 {[%emt 0:00:03]} 34. Rxe3 {[%emt 0:00:01]} Qxe3 {[%emt 0:00:00]} 35. Qxe3 {[%emt 0:00:00]} Rxe3 {[%emt 0:00:00]} 36. Nxe3 {[%emt 0:00:00]} d4 {[%emt 0:00:02]} 37. Nf5 {[%emt 0:00:01]} Nd5 {[%emt 0:00:01]} 38. Re1 {[%emt 0:00:00]} g6 {[%emt 0:00:01]} 39. Nxd4 {[%emt 0:00:01]} Nxd4 {[%emt 0:00:00]} 40. Re8+ {[%emt 0:00:01]} Kf7 {[%emt 0:00:00]} 41. Rd8 {[%emt 0:00:00]} Ke6 {[%emt 0:00:01]} 42. Rb8 {[%emt 0:00:01]} b5 {[%emt 0:00:05]} 43. Re8+ {[%emt 0:00:00]} Kd7 {[%emt 0:00:01]} 44. Nf3 {[%emt 0:00:00]} Kxe8 {[%emt 0:00:01]} 45. h4 {[%emt 0:00:00]} Nc3 {[%emt 0:00:00]} 46. h5 {[%emt 0:00:00]} Nxf3+ {[%emt 0:00:01]} 47. Kg2 {[%emt 0:00:01]} gxh5 {[%emt 0:00:00]} 48. Kh3 {[%emt 0:00:00]} Nd5 {[%emt 0:00:00]} 49. c6 {[%emt 0:00:00]} Nc7 {[%emt 0:00:01]} 50. Kg2 {[%emt 0:00:00]} a5 {[%emt 0:00:00]} 51. Kxf3 {[%emt 0:00:00]} a4 {[%emt 0:00:00] Zeit Zeit Zeit (Lag: Av=0.38s, max=0.8s) (Lag: Av=0.38s, max=0.8s) (Lag: Av=0.38s, max=0.8s)} 0-1

[Event "397 Stay Safe Play From Home series"]
[Site "Emanuel Lasker Arena"]
[Date "2020.08.20"]
[Round "6"]
[White "Yuriko"]
[Black "Klasman"]
[Result "1-0"]
[WhiteElo "1979"]
[BlackElo "1375"]
[PlyCount "53"]
[EventDate "2020.08.20"]
[EventType "swiss (blitz)"]

1. d4 {[%emt 0:00:03]} f5 {[%emt 0:00:01]} 2. c4 {[%emt 0:00:00]} Nf6 {[%emt 0:00:02]} 3. Nc3 {[%emt 0:00:00]} e6 {[%emt 0:00:01]} 4. g3 {[%emt 0:00:00]} Bb4 {[%emt 0:00:02]} 5. Bg2 {[%emt 0:00:00]} c5 {[%emt 0:00:01]} 6. Nh3 {[%emt 0:00:00]} Qa5 {[%emt 0:00:02]} 7. Bd2 {[%emt 0:00:02]} cxd4 {[%emt 0:00:03]} 8. Nb1 {[%emt 0:00:01]} Bxd2+ {[%emt 0:00:03]} 9. Nxd2 {[%emt 0:00:00]} Ne4 {[%emt 0:00:02]} 10. Bxe4 {[%emt 0:00:03]} fxe4 {[%emt 0:00:01]} 11. O-O {[%emt 0:00:00]} d5 {[%emt 0:00:03]} 12. a3 {[%emt 0:00:00]} Qd8 {[%emt 0:00:03]} 13. Nf4 {[%emt 0:00:02]} O-O {[%emt 0:00:02]} 14. Qb3 {[%emt 0:00:01]} Qg5 {[%emt 0:00:03]} 15. cxd5 {[%emt 0:00:01]} Rxf4 {[%emt 0:00:03]} 16. Kh1 {[%emt 0:00:03]} Rf6 {[%emt 0:00:04]} 17. dxe6 {[%emt 0:00:01]} Bxe6 {[%emt 0:00:03]} 18. Qc2 {[%emt 0:00:01]} Bd5 {[%emt 0:00:03]} 19. Nxe4 {[%emt 0:00:02]} Bxe4+ {[%emt 0:00:02]} 20. Qxe4 {[%emt 0:00:00]} Nc6 {[%emt 0:00:01]} 21. h4 {[%emt 0:00:01]} Qh5 {[%emt 0:00:03]} 22. Kg2 {[%emt 0:00:02]} Raf8 {[%emt 0:00:01]} 23. b4 {[%emt 0:00:03]} Ne5 {[%emt 0:00:01]} 24. Qxd4 {[%emt 0:00:02]} Ng4 {[%emt 0:00:02]} 25. f3 {[%emt 0:00:04]} Rf4 {[%emt 0:00:04]} 26. Qc3 {[%emt 0:00:09]} Ne5 {[%emt 0:00:04]} 27. gxf4 {[%emt 0:00:03] Time Time Time (Lag: Av=0.47s, max=0.9s) (Lag: Av=0.47s, max=0.9s) (Lag: Av=0.47s, max=0.9s)} 1-0

[Event "397 Stay Safe Play From Home series"]
[Site "Emanuel Lasker Arena"]
[Date "2020.08.20"]
[Round "6"]
[White "Stefanone"]
[Black "Hickey"]
[Result "1-0"]
[WhiteElo "1951"]
[BlackElo "2215"]
[PlyCount "49"]
[EventDate "2020.08.20"]
[EventType "swiss (blitz)"]

1. d4 {[%emt 0:00:01]} Nf6 {[%emt 0:00:04]} 2. e3 {[%emt 0:00:00]} e6 {[%emt 0:00:01]} 3. f4 {[%emt 0:00:00]} b6 {[%emt 0:00:00]} 4. Nf3 {[%emt 0:00:00]} Bb7 {[%emt 0:00:00]} 5. Bd3 {[%emt 0:00:00]} Be7 {[%emt 0:00:00]} 6. Qe2 {[%emt 0:00:00]} d6 {[%emt 0:00:01]} 7. Nbd2 {[%emt 0:00:00]} Nbd7 {[%emt 0:00:00]} 8. c3 {[%emt 0:00:00]} c5 {[%emt 0:00:00]} 9. e4 {[%emt 0:00:00]} Qc7 {[%emt 0:00:01]} 10. e5 {[%emt 0:00:01]} Nd5 {[%emt 0:00:01]} 11. Ne4 {[%emt 0:00:02]} O-O-O {[%emt 0:00:02]} 12. O-O {[%emt 0:00:01]} Kb8 {[%emt 0:00:02]} 13. a4 {[%emt 0:00:01]} f5 {[%emt 0:00:02]} 14. Neg5 {[%emt 0:00:01]} Bxg5 {[%emt 0:00:04]} 15. Nxg5 {[%emt 0:00:00]} Rhe8 {[%emt 0:00:01]} 16. Nf7 {[%emt 0:00:02]} dxe5 {[%emt 0:00:01]} 17. Nxd8 {[%emt 0:00:01]} Rxd8 {[%emt 0:00:02]} 18. fxe5 {[%emt 0:00:01]} cxd4 {[%emt 0:00:01]} 19. cxd4 {[%emt 0:00:01]} Nb4 {[%emt 0:00:02]} 20. Bb5 {[%emt 0:00:02]} Ka8 {[%emt 0:00:02]} 21. Bd2 {[%emt 0:00:01]} Nd5 {[%emt 0:00:02]} 22. Rac1 {[%emt 0:00:01]} Qb8 {[%emt 0:00:00]} 23. a5 {[%emt 0:00:01]} Nf8 {[%emt 0:00:03]} 24. a6 {[%emt 0:00:02]} Bc8 {[%emt 0:00:01]} 25. Bc6+ {[%emt 0:00:02] Hickey resigns Hickey resigns Hickey resigns (Lag: Av=0.53s, max=0.6s) (Lag: Av=0.53s, max=0.6s) (Lag: Av=0.53s, max=0.6s)} 1-0